Herramientas para la Gestión Cultural Local.
Contiene: - Orientaciones generales. - Gestión Cultural Local: la lógica del impulso local + 1 folleto. - Derechos culturales + 1 folleto. - Gestión de Redes + 1 folleto. - Apreciación Artística + 1 folleto. - Difusión + 1 folleto. - Producción + 1 folleto.
-д хадгалсан:
| Формат: | Ном |
|---|---|
| Хэл сонгох: | испани |
| Хэвлэсэн: |
Santiago, Chile:
Consejo Nacional de la Cultura y las Artes; Publicaciones Cultura,
2012.
|
| Хэвлэл: | Primera edición. |
| Нөхцлүүд: | |
| Шошгууд: |
Шошго нэмэх
Шошго байхгүй, Энэхүү баримтыг шошголох эхний хүн болох!
|
MARC
| LEADER | 00000nam a22000007a 4500 | ||
|---|---|---|---|
| 003 | CL-VaPUC | ||
| 005 | 20250321101930.0 | ||
| 008 | 250122t2012 ||||| |||| 00| 0 spa d | ||
| 999 | |c 446735 |d 446733 | ||
| 040 | |c Pontificia Universidad Católica de Valparaíso | ||
| 082 | |2 22 |a 306.0983 HER 2012 | ||
| 245 | |a Herramientas para la Gestión Cultural Local. | ||
| 250 | |a Primera edición. | ||
| 260 | |a Santiago, Chile: |b Consejo Nacional de la Cultura y las Artes; |b Publicaciones Cultura, |c 2012. | ||
| 300 | |a 7 cuadernillos |b + 6 folletos + 1 carpeta. | ||
| 500 | |a c.1: Instituto Arcos. 08-01-2025 | ||
| 520 | |a Contiene: - Orientaciones generales. - Gestión Cultural Local: la lógica del impulso local + 1 folleto. - Derechos culturales + 1 folleto. - Gestión de Redes + 1 folleto. - Apreciación Artística + 1 folleto. - Difusión + 1 folleto. - Producción + 1 folleto. | ||
| 583 | |c 20250122 |k Yessy Sthefany Diaz Vidal | ||
| 650 | 0 | |9 521696 |a Gestión cultural |z Chile |v Manuales, guías, etc. | |
| 650 | 0 | |9 309364 |a Patrimonio cultural |v Proyectos artísticos |z Chile | |
| 942 | |2 ddc |c BK |n 0 | ||
| 952 | |0 0 |1 0 |2 ddc |4 0 |6 306_098300000000000_HER_2012 |7 0 |8 A |9 599735 |a BIBINC |b BIBINC |d 2025-01-22 |e Instituto Arcos |i 5664512 |o 306.0983 HER 2012 |p 5664512 |r 2025-01-22 |t 1 |w 2025-01-22 |y BK |k IFP | ||